000
00301nam a2200133Ia 4500
005
20251222155043.0
008
251222s9999||||xx |||||||||||||| ||spa||
082
_a
ETI.243
100
_a
Angélica Ramirez
245
0
_a
Bajo el mismo cielo
250
_a
1ra. ed.
264
_b
No tiene
942
_c
LIB
999
_c
36995
_d
36995